|
|
|
|
| LEADER |
01787nam a2200337 a 4500 |
| 001 |
614369 |
| 008 |
090719s1993 nyu b 000 0 eng d |
| 010 |
|
|
|a 92009988
|
| 020 |
|
|
|a 0393962938
|
| 040 |
|
|
|a DLC
|c DLC
|d DLC
|
| 082 |
0 |
0 |
|a 821/.4
|2 20
|
| 100 |
1 |
|
|a Milton, John,
|d 1608-1674.
|
| 245 |
1 |
0 |
|a Paradise lost :
|b an authoritative text, backgrounds and sources, criticism /
|c John Milton ; edited by Scott Elledge.
|
| 250 |
|
|
|a 2nd ed.
|
| 260 |
|
|
|a New York :
|b Norton,
|c c1993.
|
| 300 |
|
|
|a viii, 688 p. ;
|c 22 cm.
|
| 490 |
0 |
|
|a A Norton critical edition
|
| 504 |
|
|
|a Includes bibliographical references (p. 679-685).
|
| 541 |
1 |
|
|e 00014251
|
| 600 |
0 |
0 |
|a Adam
|c (Biblical figure)
|v Poetry.
|
| 600 |
0 |
0 |
|a Eve
|c (Biblical figure)
|v Poetry.
|
| 600 |
1 |
0 |
|a Milton, John,
|d 1608-1674.
|t Paradise lost.
|
| 650 |
|
0 |
|a Fall of man
|v Poetry.
|
| 650 |
|
0 |
|a Fall of man in literature.
|
| 700 |
1 |
|
|a Elledge, Scott.
|
| 852 |
4 |
|
|a Ayesha Abed Library
|j General Shelf.
|
| 999 |
|
|
|c 2688
|d 2688
|
| 952 |
|
|
|0 0
|1 0
|2 ddc
|4 0
|6 821_400000000000000_MIL_2002
|7 0
|9 2469
|a BRACUL
|b BRACUL
|c GEN
|d 2009-07-22
|g 338.00
|l 12
|m 43
|o 821.4 MIL
|p 3010014251
|r 2025-11-08
|s 2025-11-03
|t 1
|v 676.00
|w 2009-07-22
|y BK
|
| 952 |
|
|
|0 0
|1 0
|2 ddc
|4 0
|6 821_400000000000000_MIL_2002
|7 0
|9 6526
|a BRACUL
|b BRACUL
|c GEN
|d 2009-12-27
|g 0.00
|l 10
|m 44
|o 821.4 MIL
|p 3010009863
|r 2022-10-23
|s 2022-06-06
|t 2
|w 2009-12-27
|y BK
|x No price found in the accession register.
|
| 952 |
|
|
|0 0
|1 0
|2 ddc
|4 0
|6 821_400000000000000_MIL_2002
|7 0
|9 6527
|a BRACUL
|b BRACUL
|c GEN
|d 2009-12-27
|g 0.00
|l 6
|m 57
|o 821.4 MIL
|p 3010009864
|r 2026-03-04
|s 2026-02-25
|t 3
|w 2009-12-27
|y BK
|x No price found in the accession register.
|
| 952 |
|
|
|0 0
|1 0
|2 ddc
|4 1
|6 821_000000000000000__4_MIL_2002
|7 0
|9 9652
|a BRACUL
|b BRACUL
|c SPS
|d 2010-05-02
|l 3
|m 14
|o 821.4 MIL
|p 3010014253
|r 2018-02-25
|s 2018-01-09
|t 4
|w 2010-05-02
|y BK
|